Normal view
MARC view
- الصحافة - حرية الصحافة - حرية الإعلام - حرية التعبير
Entry Topical Term
001 - CONTROL NUMBER
- control field: 33527
003 - CONTROL NUMBER IDENTIFIER
- control field: JO-AjAnu
005 - DATE AND TIME OF LATEST TRANSACTION
- control field: 20230606075626.0
008 - FIXED-LENGTH DATA ELEMENTS
- fixed length control field: 230606|| aca||aabn | a|a d
040 ## - CATALOGING SOURCE
- Original cataloging agency: JO-AjAnu
- Transcribing agency: JO-AjAnu
150 ## - HEADING--TOPICAL TERM
- Topical term or geographic name entry element: الصحافة - حرية الصحافة - حرية الإعلام - حرية التعبير
670 ## - SOURCE DATA FOUND
- Source citation: Work cat.: (JO-AjAnu)17224: إعداد يعقوب، عبد الحليم موسى, author 33526, حرية التعبير الصحفي في ظل الأنظمة السياسية العربية: دراسة تحليلية مقارنة للصحف والقوانين السودانية والأردنية في الفترة من 1989م - 1999م